О Емельяне Ярославском : воспоминания, очерки, статьи

Dades bibliogràfiques
Altres autors: Фатеев П. С. (составитель), Королев В. В.
Sumari:Исключено из фонда НТБ ТПУ
Idioma:rus
Publicat: Москва, Политиздат, 1988
Format: MixedMaterials Llibre
KOHA link:https://koha.lib.tpu.ru/cgi-bin/koha/opac-detail.pl?biblionumber=260874

MARC

LEADER 00000nam0a2200000 4500
001 260874
005 20231031221323.0
010 |a 5250001440 
035 |a (RuTPU)RU\TPU\book\283844 
090 |a 260874 
100 |a 20140519d1988 m y0rusy50 ca 
101 0 |a rus 
102 |a RU 
105 |a ac z 001zb 
200 1 |a О Емельяне Ярославском : воспоминания, очерки, статьи  |f сост. П. С. Фатеев , В. В. Королев 
210 |a Москва  |c Политиздат  |d 1988 
215 |a 303 с.  |c ил. 
320 |a Краткие сведения об авторах : с. 297-301. 
333 |a Исключено из фонда НТБ ТПУ 
702 1 |a Фатеев  |b П. С.  |4 220 
702 1 |a Королев  |b В. В.  |4 220 
801 1 |a RU  |b 63413507  |c 20140519 
801 2 |a RU  |b 63413507  |c 20161201  |g RCR 
942 |c BK